Statistiques concernant Communes du Haut-Rhin sur une carte

Cliquez ici pour prendre le quiz!

Statistiques générales

  • Ce quiz a été pris 146 fois
  • Le résultat moyen est 65 sur 366

Réponses sur la Carte

Les réponses sont colorées sur une échelle allant du rouge au vert en fonction du pourcentage des utilisateurs qui les ont devinées à leur premier essai. Vous pouvez retrouver ces pourcentages ci-dessous.
 

Statistiques - réponses

PopulationNom% Correct
108038Mulhouse
93%
68294Colmar
91%
22835Saint-Louis
75%
7784Thann
74%
5658Altkirch
70%
11559Cernay
62%
10988Guebwiller
62%
14020Rixheim
51%
15065Wittenheim
51%
4711Munster
48%
4412Kaysersberg Vignoble
47%
4670Ribeauvillé
47%
4187Rouffach
46%
1767Aspach-Michelbach
43%
2266Dannemarie
43%
2836Vieux-Thann
43%
8168Brunstatt-Didenheim
42%
7033Soultz-Haut-Rhin
42%
3820Turckheim
42%
10358Wittelsheim
42%
937Kruth
40%
286Lutter
40%
1843Porte du Ried
40%
307Willer
40%
1777Willer-sur-Thur
40%
1127Aspach
38%
1302Aspach-le-Bas
38%
820Ferrette
38%
7283Huningue
38%
7475Ensisheim
37%
1678Wattwiller
37%
4062Bartenheim
36%
1049Husseren-Wesserling
36%
14380Illzach
36%
4119Bollwiller
35%
2282Fessenheim
35%
5052Habsheim
35%
5617Kembs
35%
13230Kingersheim
35%
1955Neuf-Brisach
35%
5054Sainte-Marie-aux-Mines
35%
2002Bitschwiller-lès-Thann
33%
646Hartmannswiller
33%
2464Illfurth
33%
3682Masevaux-Niederbruck
33%
2524Zillisheim
33%
6237Lutterbach
32%
1622Moosch
32%
3461Orbey
32%
796Ranspach
32%
630Ranspach-le-Bas
32%
627Ranspach-le-Haut
32%
12258Riedisheim
32%
1061Riquewihr
32%
2217Saint-Amarin
32%
3024Sainte-Croix-en-Plaine
32%
1928Burnhaupt-le-Bas
31%
1744Burnhaupt-le-Haut
31%
6244Horbourg-Wihr
31%
701Michelbach-le-Bas
31%
590Michelbach-le-Haut
31%
10054Pfastatt
31%
5487Sausheim
31%
3994Sierentz
31%
2082Carspach
30%
1722Eguisheim
30%
509Husseren-les-Châteaux
30%
375Montreux-Jeune
30%
911Montreux-Vieux
30%
3097Pulversheim
30%
4777Blotzheim
28%
1256Oderen
28%
1985Ottmarsheim
28%
1857Sainte-Croix-aux-Mines
28%
1599Fellering
27%
3648Morschwiller-le-Bas
27%
3277Buhl
26%
1312Guewenheim
26%
2804Hésingue
26%
2120Hirsingue
26%
1350Pfaffenheim
26%
498Sewen
26%
7933Wintzenheim
26%
1870Herrlisheim-près-Colmar
25%
2405Houssen
25%
1204Berrwiller
23%
1415Flaxlanden
23%
1851Lapoutroie
23%
1986Reiningue
23%
2192Andolsheim
22%
978Chalampé
22%
3449Issenheim
22%
2005Meyenheim
22%
910Roderen
22%
2379Soultzmatt
22%
1955Sundhoffen
22%
1650Uffholtz
22%
1775Wettolsheim
22%
1580Battenheim
21%
276Goldbach-Altenbach
21%
411Mooslargue
21%
3680Richwiller
21%
4053Staffelfelden
21%
676Vieux-Ferrette
21%
4486Village-Neuf
21%
2636Baldersheim
20%
1605Bantzenheim
20%
2072Bergheim
20%
438Geishouse
20%
1246Leymen
20%
384Mitzach
20%
2371Rosenau
20%
1208Bernwiller
19%
1275Hagenthal-le-Bas
19%
719Hagenthal-le-Haut
19%
4680Ingersheim
19%
929Muespach
19%
1148Niederhergheim
19%
953Niffer
19%
826Petit-Landau
19%
774Soppe-le-Bas
19%
1398Spechbach
19%
293Tagsdorf
19%
487Wahlbach
19%
163Wildenstein
19%
1048Bruebach
17%
1422Dietwiller
17%
1476Eschentzwiller
17%
2179Hochstatt
17%
500Jettingen
17%
1646Landser
17%
915Lauw
17%
1275Merxheim
17%
1042Metzeral
17%
1076Muespach-le-Haut
17%
405Obermorschwiller
17%
1564Sentheim
17%
1391Seppois-le-Bas
17%
503Seppois-le-Haut
17%
1350Steinbach
17%
2422Ungersheim
17%
439Urbès
17%
1544Waldighofen
17%
883Walheim
17%
1231Wihr-au-Val
17%
429Bouxwiller
16%
3362Hégenheim
16%
1477Hirtzbach
16%
33Lucelle
16%
495Magstatt-le-Bas
16%
290Magstatt-le-Haut
16%
1266Oberhergheim
16%
1271Schlierbach
16%
1705Ammerschwihr
15%
812Ballersdorf
15%
1103Bergholtz
15%
552Bourbach-le-Bas
15%
415Bourbach-le-Haut
15%
307Emlingen
15%
1313Hirtzfelden
15%
1348Hombourg
15%
587Hunawihr
15%
727Illhaeusern
15%
917Jungholtz
15%
239Kiffis
15%
2111Labaroche
15%
516Mœrnach
15%
1577Munchhouse
15%
626Riespach
15%
2384Ruelisheim
15%
796Wittersdorf
15%
390Altenach
14%
448Bettendorf
14%
1432Guémar
14%
580Kœtzingue
14%
1479Lautenbach
14%
745Le Bonhomme
14%
584Linthal
14%
501Malmerspach
14%
339Mollau
14%
674Oltingue
14%
1042Orschwihr
14%
957Pfetterhouse
14%
2006Réguisheim
14%
195Rimbach-près-Guebwiller
14%
437Rimbach-près-Masevaux
14%
1049Rumersheim-le-Haut
14%
579Saint-Bernard
14%
310Saint-Ulrich
14%
744Schweighouse-Thann
14%
989Uffheim
14%
2691Volgelsheim
14%
918Walbach
14%
296Winkel
14%
970Balgau
12%
2510Biesheim
12%
399Fislis
12%
859Gueberschwihr
12%
1269Illtal
12%
584Kappelen
12%
327Largitzen
12%
918Leimbach
12%
1664Lièpvre
12%
310Ligsdorf
12%
1660Ostheim
12%
1121Raedersheim
12%
228Rammersmatt
12%
600Sondernach
12%
761Steinsoultz
12%
196Storckensohn
12%
953Tagolsheim
12%
469Thannenkirch
12%
455Traubach-le-Bas
12%
619Traubach-le-Haut
12%
440Wolschwiller
12%
832Zimmerbach
12%
350Courtavon
11%
829Durmenach
11%
460Feldbach
11%
999Feldkirch
11%
831Frœningen
11%
505Geispitzen
11%
382Gommersdorf
11%
725Gundolsheim
11%
1333Heimsbrunn
11%
373Knœringue
11%
250Levoncourt
11%
339Linsdorf
11%
751Luemschwiller
11%
536Manspach
11%
686Oberentzen
11%
842Osenbach
11%
504Raedersdorf
11%
800Rantzwiller
11%
980Saint-Hippolyte
11%
317Sondersdorf
11%
1096Soultzeren
11%
1341Stosswihr
11%
634Vogelgrun
11%
774Wentzwiller
11%
998Westhalten
11%
1125Algolsheim
10%
989Attenschwiller
10%
363Aubure
10%
938Beblenheim
10%
245Bendorf
10%
1373Bennwihr
10%
421Brinckheim
10%
1066Buschwiller
10%
475Dolleren
10%
928Folgensbourg
10%
656Friesen
10%
816Galfingue
10%
659Heimersdorf
10%
1047Heiteren
10%
538Katzenthal
10%
504Kœstlach
10%
1820Kunheim
10%
179Liebenswiller
10%
299Liebsdorf
10%
332Mittlach
10%
795Muhlbach-sur-Munster
10%
164Murbach
10%
583Nambsheim
10%
495Neuwiller
10%
738Niederentzen
10%
378Obermorschwihr
10%
686Roppentzwiller
10%
830Steinbrunn-le-Bas
10%
631Steinbrunn-le-Haut
10%
431Valdieu-Lutran
10%
475Wasserbourg
10%
1099Wolfgantzen
10%
391Zaessingue
10%
1053Zimmersheim
10%
310Bettlach
9%
1477Dessenheim
9%
284Diefmatten
9%
552Durlinsdorf
9%
378Eglingen
9%
370Franken
9%
1310Fréland
9%
529Hecken
9%
666Heidwiller
9%
728Helfrantzkirch
9%
1349Jebsheim
9%
701Retzwiller
9%
776Rombach-le-Franc
9%
327Sickert
9%
513Waltenheim
9%
789Wuenheim
9%
325Biederthal
7%
543Bisel
7%
1986Blodelsheim
7%
690Chavannes-sur-l'Étang
7%
208Falkwiller
7%
1162Fortschwihr
7%
880Gunsbach
7%
809Hattstatt
7%
378Hausgauen
7%
164Heiwiller
7%
332Hettenschlag
7%
951Lautenbachzell
7%
878Le Haut Soultzbach
7%
295Magny
7%
459Munwiller
7%
557Niedermorschwihr
7%
391Oberbruck
7%
1025Obersaasheim
7%
406Ruederbach
7%
902Rustenhart
7%
728Soultzbach-les-Bains
7%
345Stetten
7%
341Strueth
7%
864Artzenheim
6%
749Balschwiller
6%
341Berentzwiller
6%
478Biltzheim
6%
1134Bischwihr
6%
819Breitenbach-Haut-Rhin
6%
381Eteimbes
6%
340Fulleren
6%
309Geiswasser
6%
753Hagenbach
6%
375Hohrod
6%
359Hundsbach
6%
728Kirchberg
6%
874Logelheim
6%
758Luttenbach-près-Munster
6%
1284Muntzenheim
6%
139Oberlarg
6%
381Rodern
6%
465Roggenhouse
6%
367Rorschwihr
6%
369Ueberstrass
6%
778Urschenheim
6%
609Werentzhouse
6%
1195Widensolen
6%
580Appenwihr
5%
413Bergholtzzell
5%
405Bréchaumont
5%
186Bretten
5%
1009Durrenentzen
5%
261Gildwiller
5%
691Griesbach-au-Val
5%
842Mittelwihr
5%
194Rimbachzell
5%
81Saint-Cosme
5%
226Schwoben
5%
473Vœgtlinshoffen
5%
319Wegscheid
5%
148Bellemagny
4%
368Eschbach-au-Val
4%
616Hindlingen
4%
280Romagny
4%
151Sternenberg
4%
673Weckolsheim
4%
373Wolfersdorf
4%
319Zellenberg
4%
562Baltzenheim
2%
267Buethwiller
2%
256Elbach
2%
794Grussenheim
2%
144Guevenatten
2%
196Mertzen
2%
697Wickerschwihr
2%

Distribution des résultats

Percentile par nombre de réponses

% des personnes avec chaque résultat

Votre développement - résultats

Vous n’avez pas pris ce quiz